000 00904cam a2200253 a 4500
001 200
003 BR-CuiBMT
005 20231114030924.0
008 230829s2022 mgba 000 0 por d
020 _a9786555181890
040 _aBR-CuiBMT
_cBR-CuiBMT
080 _22007
_a342.92
090 _a342.92
_bM183l
100 1 _aMadureira, Claudio
245 1 0 _aLicitações, contratos e controle administrativo :
_bdescrição sistemática da Lei nº 14.133/2021 na perspectiva do modelo brasileiro de processo /
_cClaudio Madureira.
260 _aBelo Horizonte :
_bFórum,
_cc2022.
300 _a557 p. :
_bil. ;
_c24 cm
504 _aInclui bibliografia.
590 _aA Biblioteca possui a 1. reimpr. 2022.
650 _aLicitações e contratos
_vLegislação
650 _aContratação pública
_xNormas de controle
650 _aAdministração pública
_xControle administrativo
942 _2udc
_cLV
999 _c200
_d200